Statistics for Guess The Band - By Picture #2

Click here to take the quiz!

General Stats

  • This quiz has been taken 1,547 times
  • The average score is 5 of 15

Answer Stats

Answer% Correct
One Direction
90%
Nirvana
68%
Bee Gees
47%
Little Mix
42%
Black Eyed Peas
39%
Guns N' Roses
39%
Fleetwood Mac
36%
U2
32%
Arctic Monkeys
25%
Slipknot
25%
The Beach Boys
19%
The Who
17%
Oh! GG.
16%
New Kids on the Block
5%
Boyce Avenue
2%

Score Distribution

Percentile by Number Answered

Percent of People with Each Score

Your Score History

You have not taken this quiz